00990nam a22002897a 45000010005000000030009000050050017000140070005000310080036000360200018000720400022000900920025001121000017001372400028001542450123001822600042003053000027003475000018003747000041003927000030004339420012004639450027004759520110005029560021006129560052006339990015006850074DO-SdBNP20180131152401.00074151023b 1999 sp || 00| 0 spa d a9788427234529 aBPMSUbspacBPMSU axxxxxxxxxbxxxxxxxxx10aBlyton, Enid1 aThe O´Sullivan twins /14aLas mellizas O'Sullivan /cEnid Blyton ; traducción María Dolores Raich Ullán ; ilustración José María Bea aBarcelona, España :bMolino,c1999. a196 p. :bil.,c18 cm. aEn el lomo: 2103Raich Ullán, María Dolores,4tr.10aBea, José María,cil. 2ddccBK aInventariado, 2018/ YL 00102ddc40708CJ-GaBPMETbBPMETd2015-10-23eDonaciónl0pBPMSU15100172r2015-10-23w2015-10-23yBK aBrenda Tavárez aYngrid Lockward2YLOCKWARD3108BPMSUc20161021 c8447d8447